Statistics for Presidents By Picture

Click here to take the quiz!

General Stats

  • This quiz has been taken 52 times
  • The average score is 8 of 12

Answer Stats

Answer% Correct
Donald Trump
97%
Barack Obama
94%
George Washington
94%
Abraham Lincoln
84%
Ronald Reagan
84%
Thomas Jefferson
69%
Dwight Eisenhower
59%
Franklin Roosevelt
56%
William Howard Taft
56%
John Quincy Adams
47%
William Clinton
13%
Ulysses Grant
9%

Score Distribution

Percentile by Number Answered

Percent of People with Each Score

Your Score History

You have not taken this quiz